Stacje i przystanki osobowe PKP PLK w kujawsko-pomorskim - Statystyki

Ogólne statystyki
  • Ten quiz został rozwiązany 40 razy
    24 od ostatniego zresetowania
  • Średni wynik to 46 z 163
Statystyki odpowiedzi
Przewoźnicy Stacja % Poprawnych
IC, PR, AR Bydgoszcz Główna
91%
IC, PR, AR Toruń Główny
91%
IC, PR, AR Toruń Miasto
91%
AR Grudziądz
82%
IC, PR Solec Kujawski
73%
IC, PR, AR Bydgoszcz Leśna
64%
IC, PR, AR Bydgoszcz Wschód
64%
AR Chełmża
64%
IC, PR Inowrocław
64%
IC, PR, AR Laskowice Pomorskie
64%
AR Lipno
64%
IC, PR, AR Toruń Wschodni
64%
IC, PR Włocławek
64%
IC, PR Aleksandrów Kujawski
55%
IC, AR Brodnica
55%
AR Bydgoszcz Fordon
55%
AR Grudziądz Śródmieście
55%
IC, PR, AR Jabłonowo Pomorskie
55%
IC, PR Nakło nad Notecią
55%
PR Nieszawa Waganiec
55%
AR Tuchola
55%
PR Włocławek Zazamcze
55%
PR Brzoza Toruńska
45%
PR, AR Bydgoszcz Bielawy
45%
AR Bydgoszcz Brdyujście
45%
AR Bydgoszcz Politechnika
45%
AR Czernikowo
45%
AR Dolna Grupa
45%
PR Kaliska Kujawskie
45%
IC, PR Kowalewo Pomorskie
45%
IC, KW, PR Mogilno
45%
PR Nowa Wieś Wielka
45%
PR Otłoczyn
45%
IC, AR Rypin
45%
PR Toruń Kluczyki
45%
PR Warząchewka
45%
PR Brzezie
36%
PR Bydgoszcz Zachód
36%
PR Ciechocinek
36%
PR Cierpice
36%
PR Czerniewice
36%
AR Dragacz
36%
AR Grudziądz Mniszek
36%
AR Grupa
36%
IC Inowrocław Rąbinek
36%
PR Lubanie
36%
PR, AR Maksymilianowo
36%
AR Osie
36%
PR Pawłówek
36%
IC Piotrków Kujawski
36%
PR Toruń Czerniewice
36%
PR Turzno
36%
AR Wierzchucin
36%
PR Zielonczyn
36%
PR Bydgoszcz Błonie
27%
PR Bydgoszcz Osowa Góra
27%
AR Dobrzejewice
27%
AR Dubielno
27%
PR Gołaszewo Kujawskie
27%
AR Grębocin
27%
AR Grudziądz Owczarki
27%
AR Grudziądz Przedmieście
27%
AR Grudziądz Rządz
27%
PR, AR Kotomierz
27%
PR Książki
27%
AR Lubicz
27%
AR Obrowo
27%
PR Odolion
27%
AR Ostromecko
27%
PR, AR Parlin
27%
PR, AR Pruszcz Pomorski
27%
PR, AR Rynkowo Wiadukt
27%
AR Serock
27%
AR Skępe
27%
PR Suchatówka
27%
AR Świekatowo
27%
AR Szlachta
27%
PR, AR Terespol Pomorski
27%
AR Tleń
27%
AR Tuchola Rudzki Most
27%
PR Turzno Kujawskie
27%
IC, PR Wąbrzeźno
27%
PR Wiktorowo
27%
AR Żalno
27%
PR Biskupiec Pomorski
18%
AR Błądzim
18%
PR Brzoza Bydgoska
18%
AR Cekcyn
18%
PR Chmielniki Bydgoskie
18%
PR Cierpice Kąkol
18%
AR Czermno
18%
AR Dabrowa Chełmińska
18%
AR Dąbrowa Chełmińska Centrum
18%
PR Gniewkowo
18%
AR Grudziądz Tuszewo
18%
AR Grzybno
18%
AR Gzin
18%
PR Jamielnik
18%
AR Jeżewo
18%
PR Kamionki Jezioro
18%
AR Karnkowo
18%
PR Kołodziejewo
18%
AR Konotopie
18%
AR Kornatowo
18%
AR Koziołek
18%
AR Lipienica
18%
AR Lubania-Lipiny
18%
AR Małe Gacno
18%
AR Mełno
18%
AR Ograszka
18%
PR Papowo Toruńskie
18%
PR Przyłubie
18%
PR Rutkowice
18%
AR Stronno
18%
AR Unisław Pomorski
18%
PR, AR Warlubie
18%
AR Wierzchucin Stary
18%
AR Wudzyn
18%
KW, PR Wydartowo
18%
PR Zieleń
18%
PR Złotniki Kujawskie
18%
PR Anieliny
9%
AR Boguszewo
9%
AR Czersk Świecki
9%
AR Dąbrowy
9%
AR Firlus
9%
AR Głuchowo
9%
AR Gorzuchowo Chełmińskie
9%
AR Grzywna
9%
PR Jadwiżyn
9%
PR Jaksice
9%
PR Janikowo
9%
AR Konojady
9%
AR Kwiatki
9%
AR Laski Tucholskie
9%
AR Łążek
9%
AR Linowo
9%
PR Lipinki
9%
AR Lipowa Tucholska
9%
AR Łysomice
9%
AR Najmowo
9%
AR Nawra
9%
AR Nicwałd
9%
AR Ostaszewo Toruńskie
9%
PR Ostrowite koło Jabłonowa
9%
AR Piastoszyn
9%
AR Rogoźno Pomorskie
9%
AR Rosochatka
9%
PR Rychnowo Wielkie
9%
PR Samostrzel
9%
PR Ślesin
9%
AR Śliwice
9%
AR Śliwiczki
9%
PR Trzciniec
9%
PR Trzeciewnica
9%
PR Twarda Góra
9%
AR Wałdowo Szlacheckie
9%
PR Więcławice
9%
PR Wierzchosławice
9%
AR Wrocławki
9%
AR Zarośle
9%
AR Zielonka Pomorska
9%
AR Bursztynowo
0%
Nie znaleziono quizów pasujących do podanych kryteriów
Rozkład punktacji
Procent ludzi z każdym wynikiem
Percentyl według liczby udzielonych odpowiedzi
Twoja historia wyników
Nie rozwiązałeś tego quizu od ostatniego zresetowania